000 00543nam a2200181Ia 4500
003 GCL
008 140319s9999 xx 000 0 ara d
040 _aGCL /
_cGCL
082 0 4 _a509.2
_bت د
100 1 _aتويليى ، بيير
245 1 0 _aداروين وشركاؤه /
_cتويليى ، بيير
250 _aالاولى
260 _aبيروت :
_bدار الكنوز الادبية ،
_c1996
300 _a235 ص ؛
_c24 سم
650 0 4 _aالعلماء - تراجم
650 0 4 _aنظرية داروين
942 _2ddc
_cBK
999 _c6472
_d6472